000 01783 a2200229 4500
003 Nust
005 20221226105707.0
010 _a 99069606
020 _a8176351520
040 _cNust
082 0 0 _a621.39160288,GRI
100 1 _aGrimes, Galen.
_946267
245 1 0 _aSams teach yourself upgrading and fixing PCs in 24 hours /
_cGalen Grimes.
250 _a1st indian ed.
260 _aIndianapolis, Ind. :
_bSams,
_cc2000.
300 _axi, 342 p. :
_bill. ;
_c23 cm.
505 _aMaking the Decision to Upgrade (Page-1), Understanding the Components in your PC (Page-9), Examining your PCs System Configuration (Page-23), The Tools of the Trade (Page-37), Understanding and Working with your CMOS Settings (Page-47), Upgrading your’s Pc Memory (Page-53), Upgrading Your CPU (Page-67), Replacing your Main System Board (Page-79), Replacing Upgrading or Adding a Hard Disk Drive (Page-91), Replacing your Floppy Disk Drive (Page-129), Replacing Your Keyboard Mouse and other Input Devices (Page-141), Upgrading Your Video Card (Page-151), Upgrading Your Video Monitor (Page-163), Upgrading or Adding a Modern or other Communications Device (Page-173), Upgrading Your PC’s Case and Power Supply (Page-185), Upgrading Your PC’s BIOS (Page-197), Upgrading or Adding a Sound System to Your PC (Page-209), Selecting and Installing a Printer (Page-221), Selecting and Using a Scanner or Digital Camera (Page-233), Upgrading to a New Operating System (Page-243), PC Performance Monitoring and Diagnostic Tools (Page-253), How to Purchase PC Components on the Internet (Page-265).
650 0 _aMicrocomputers
_xEquipment and supplies.
_996388
650 0 _aMicrocomputers
_xMaintenance and repair.
_936710
650 0 _aMicrocomputers
_xUpgrading.
_994563
942 _2ddc
_cBK
999 _c176247
_d176247